Zeitschrift für Geomorphologie. Supplementband 111. Äolische Dynamik: Formen und Prozesse /

Gespeichert in:
Bibliographische Detailangaben
1. Verfasser: Blümel, Wolf Dieter
Format: Buch
Sprache:Deutsch
Veröffentlicht: Berlin : Gebr. Borntraeger, 1997
Ausgabe:[1. Aufl.]
ISBN:3443211119
ISSN:0044-2798
Online-Zugang: Volltext
Tags: Tag hinzufügen
Keine Tags, Fügen Sie den ersten Tag hinzu!

MARC

LEADER 00000nam a2200000 4500
003 SK-BrCVT
005 20220617194811.0
008 990201s1997 gw e ||||||ger d
020 |a 3443211119 
022 |a 0044-2798 
035 |a CVTIDW0947694 
040 |b slo  |a CVTI SR 
041 0 |a ger 
044 |a gw 
080 |a 551.4  |2 UDC-MRF 
100 1 |a Blümel, Wolf Dieter 
242 1 0 |a Časopis z oblasti geomorfológie. Dodatok 111. Eolická dynamika: formy a procesy 
245 1 0 |a Zeitschrift für Geomorphologie. Supplementband 111. Äolische Dynamik: Formen und Prozesse /  |c Autoren: Wolf Dieter Blümel und Kol. 
250 |a [1. Aufl.] 
260 |a Berlin :  |b Gebr. Borntraeger,  |c 1997 
300 |a 173 s., príl. :  |b fotogr., grafy, lit., obr., tab. ; 
692 |a MU OR JM MM 
910 |b A567116 
919 |a 3-443-21111-9 
974 |f Knihy 
992 |a AZN 
999 |c 102858  |d 102858